| 000 | 00839nam a22002657a 4500 | ||
|---|---|---|---|
| 001 | 9854 | ||
| 003 | FISKH | ||
| 005 | 20260309093219.0 | ||
| 008 | 260309b cb ||||| |||| 00| 0 eng d | ||
| 020 | _a9780590408363 | ||
| 040 |
_aFISKH _beng _cFISKH _dFISKH |
||
| 050 | _aPS3566 .R36 .N4 | ||
| 082 | _a811.54 | ||
| 100 |
_aPrelutsky, Jack _eAuthor |
||
| 245 |
_aThe new kid on the block / _cpoems by Jack Prelutsky ; drawings by James Stevenson |
||
| 260 |
_aNew York : _bScholastic Inc. , _c1984 |
||
| 300 |
_a159 pages : _billustrations ; _c23 cm |
||
| 505 | _aNP | ||
| 520 | _aHumorous poems about such strange creatures and people as Baloney Belly Billy and the Gloopy Gloopers. | ||
| 521 | 8 | _aNP | |
| 650 |
_aChildren's poetry _vComedy |
||
| 700 |
_aStevenson, James _eIllustrator |
||
| 942 |
_2ddc _cBK _n0 |
||
| 999 |
_c9854 _d9854 |
||